000 00411nam a22001697a 4500
003 MPLRDC
005 20220104143103.0
008 210129b ||||| |||| 00| 0 eng d
082 _a229.2 DLLM
100 _a第五世达赖喇嘛著; 郭和卿译
245 _a西藏王臣记
_c
250 _a一版一刷
260 _a
_b民族出版社
_c1983
300 _b
650 _a
942 _cBK
_o229.2 DLLM
999 _c36499
_d36489